| 000 | 00606cam a2200193 4500500 | ||
|---|---|---|---|
| 005 | 20260405001056.0 | ||
| 041 | _afre | ||
| 042 | _adc | ||
| 100 | 1 | 0 |
_aDuval, Jean-François _eauthor |
| 245 | 0 | 0 | _aAlexandre Jollien, Étienne Dumont. Les excentrés |
| 260 | _c2011. | ||
| 500 | _a46 | ||
| 690 | _aAlexandre Jollien | ||
| 690 | _aÉtienne Dumont | ||
| 690 | _aMarginalité | ||
| 690 | _aNormalité | ||
| 786 | 0 | _nPhilosophie magazine | 47 | 3 | 2011-03-01 | p. 23-25 | 1951-1787 | |
| 856 | 4 | 1 | _uhttps://shs.cairn.info/magazine-philosophie-magazine-2011-3-page-23?lang=fr&redirect-ssocas=7080 |
| 999 |
_c2043827 _d2043827 |
||